000 00977nam a2200325Ia 4500
008 160803s9999 xx 000 0 und d
020 _a978-0439841184
100 _aStilton, Geronimo
245 4 _aThe Christmas toy factory /
245 _cGeronimo Stilton ; illustrations by Danillo Barozzi and Francesco Castelli ; English translation by Edizioni Piemme S.p.A.
260 _aNew York :
260 _bScholastic Inc.
260 _c2006
300 _a95 pages :
300 _bcolor illustrations, maps ;
300 _c20 cm.
440 _aGeronimo Stilton ;
440 _vbk. 27
500 _aTranslation of: Fabbrica dei giocattoli.
650 _aChristmas --
650 _aChristmas stories.
650 _aFactories --
650 _aMice --
650 _aStilton, Geronimo (Fictitious character) --
650 _xFiction.
650 _xJuvenile fiction.
650 _xJuvenile fiction.
650 _xJuvenile fiction.
700 _a540
999 _c298262
_d298262